Citez les Jedi les plus connus - Statistiques

Statistiques générales
  • Ce quiz a été pris 74 fois
  • Le résultat moyen est 15 sur 106
Statistiques - réponses
Réponse % Correct
Yoda
97%
Mace Windu
90%
Anakin Skywalker
87%
Luke Skywalker
81%
Obi-Wan Kenobi
81%
Rey Skywalker
57%
Qui-Gon Jinn
56%
Plo Koon
54%
Dooku
48%
Ki-Adi-Mundi
46%
Ahsoka Tano
43%
Kit Fisto
40%
Yaddle
40%
Aayla Secura
33%
Luminara Unduli
32%
Shaak Ti
30%
Barriss Offee
27%
Ben Solo
27%
Coleman Trebor
25%
Eeth Koth
24%
Cal Kestis
22%
Depa Billaba
22%
Kanan Jarrus / Caleb Dume
22%
Ezra Bridger
21%
Saesee Tiin
21%
Jocasta Nu
19%
Oppo Rancisis
19%
Yarael Poof
19%
Quinlan Vos
17%
Agen Kolar
16%
Adi Gallia
14%
Even Piell
14%
Grogu
14%
Reva
14%
Stass Allie
14%
Ima-Gun Di
13%
Coleman Kcaj
11%
Sifo-Dyas
11%
Cere Junda
10%
Revan
10%
Jaro Tapal
8%
Galen Marek
6%
Mara Jade
6%
Nahdar Vebb
6%
Tera Sinube
6%
A'Sharad Hett
5%
Bultar Swan
5%
Cin Drallig
5%
K'Kruhk
5%
Sharad Hett
5%
Sora Bulq
5%
Tholme
5%
Tiplar
5%
T'ra Saa
5%
Tyvokka
5%
Zett Jukassa
5%
Baylan Skoll
3%
Bene
3%
Daakman Barrek
3%
Gungi
3%
Jinx
3%
Katooni
3%
Micah Giiett
3%
Nomi Sunrider
3%
Petro
3%
Rahm Kota
3%
Roron Corobb
3%
Satele Shan
3%
Sha'a Gi
3%
Taron Malicos
3%
Tarr Seirr
3%
Tiplee
3%
Tsui Choi
3%
Ulic Qel-Droma
3%
Xanatos
3%
Zatt
3%
Aurra Sing
2%
Avar Kriss
2%
Bastila Shan
2%
Ceret
2%
Foul Moudama
2%
Indara
2%
Kalifa
2%
Kazdan Paratus
2%
Keeve Trennis
2%
Kelleran Beq
2%
Kirak Infil'a
2%
Koffi Arana
2%
Ky Narec
2%
Lucien Draay
2%
Maris Brood
2%
Masana Tide
2%
Mira
2%
Nari
2%
Pablo-Jill
2%
Rhad Tarn
2%
Rig Nema
2%
Serra Keto
2%
Sian Jeisel
2%
Sskeer
2%
Tahl
2%
Terec
2%
Trilla Suduri
2%
Vernestra Rwoh
2%
Whie Malreaux
2%
Zayne Carrick
2%
Aucun quiz correspondant
Distribution des résultats
% des personnes avec chaque résultat
Percentile par nombre de réponses
Votre historique - résultats
Vous n’avez pas pris ce quiz